| 000 | 00442nam a22001457a 4500 | ||
|---|---|---|---|
| 020 | _a9789386339621 | ||
| 082 |
_a510 _bOSW/M |
||
| 100 | _aOSWAL BOOKS | ||
| 245 |
_aMATHEMATICS QUESTION BANK _bCLASS XII |
||
| 260 |
_aAGRA _bOSWAAAL BOOKS _c2017 |
||
| 300 | _a240 | ||
| 520 | _a2017 SOLVED PAPER, QUESTIONS AS PER THE LATEST QUESTION PAPER DESIGN ISSUED BY CBSE FOR MARCH 2018 EXAMINATION | ||
| 650 |
_aSOLVED QUESTION PAPER _zINDIA |
||
| 942 | _cBK | ||
| 999 |
_c255 _d255 |
||